Digital signal processing : (Record no. 608)

MARC details
000 -LEADER
fixed length control field 00643nam a22002297a 4500
005 - DATE AND TIME OF LATEST TRANSACTION
control field 20250420134818.0
008 - FIXED-LENGTH DATA ELEMENTS--GENERAL INFORMATION
fixed length control field 200812b ||||| |||| 00| 0 eng d
020 ## - INTERNATIONAL STANDARD BOOK NUMBER
International Standard Book Number 9780071289467
040 ## - CATALOGING SOURCE
Transcribing agency KCST
082 ## - DEWEY DECIMAL CLASSIFICATION NUMBER
Classification number 621.3822
Item number Mi Di
100 ## - MAIN ENTRY--PERSONAL NAME
Personal name Mitra, Sanjit K.
9 (RLIN) 5067
245 ## - TITLE STATEMENT
Title Digital signal processing :
Remainder of title a computer-based approach /
Statement of responsibility, etc. Sanjit K. Mitra
250 ## - EDITION STATEMENT
Edition statement 4th edition
Remainder of edition statement Int. edition
260 ## - PUBLICATION, DISTRIBUTION, ETC.
Place of publication, distribution, etc. New York:
Name of publisher, distributor, etc. McGraw-Hill,
Date of publication, distribution, etc. 2011.
300 ## - PHYSICAL DESCRIPTION
Extent 939 p.
650 ## - SUBJECT ADDED ENTRY--TOPICAL TERM
Topical term or geographic name entry element MATLAB
9 (RLIN) 976
650 ## - SUBJECT ADDED ENTRY--TOPICAL TERM
Topical term or geographic name entry element Signal processing
9 (RLIN) 645
650 ## - SUBJECT ADDED ENTRY--TOPICAL TERM
Topical term or geographic name entry element Digital techniques
9 (RLIN) 4618
650 ## - SUBJECT ADDED ENTRY--TOPICAL TERM
Topical term or geographic name entry element Data processing
9 (RLIN) 5068
942 ## - ADDED ENTRY ELEMENTS (KOHA)
Koha item type Book
942 ## - ADDED ENTRY ELEMENTS (KOHA)
Source of classification or shelving scheme Dewey Decimal Classification
Holdings
Withdrawn status Lost status Source of classification or shelving scheme Damaged status Not for loan Home library Current library Date acquired Source of acquisition Cost, normal purchase price Total checkouts Full call number Barcode Date last seen Price effective from Koha item type
    Dewey Decimal Classification     KCST Library KCST Library 12/08/2020 Unknown 0.00   621.3822 Mi Di 1000000473 12/08/2020 12/08/2020 Book
© 2025 KCST. All rights reserved